Fictional Orphans Quiz Stats

 Plays Quiz Updated May 22, 2012

Also try: Literary Orphans
Challenge
Share
Tweet
Score 0/20 Timer 03:00
0 Plays Today
% Correct
Harry Potter
99.2%
Peter Parker
98.4%
Peter Pan
98%
Clark Kent
98%
Snow White
98%
Tarzan
97.5%
Bruce Wayne
96.6%
Cinderella
94.2%
Little Orphan Annie
94.1%
Dorothy Gale
91.7%
% Correct
Stuart Little
86.1%
Frodo Baggins
79.7%
Oliver Twist
78.5%
Lord Voldemort
78.2%
Mowgli
71.5%
Heidi
56%
Will Turner
50.1%
Anne Shirley
42.3%
James 'Sawyer' Ford
31.4%
Erin Hannon
24.4%

You're not logged in!

Compare scores with friends on all Sporcle quizzes.
Join for Free
OR
Log In

You Might Also Like...

Show Comments

Extras

Top Quizzes Today


Score Distribution

Your Account Isn't Verified!

In order to create a playlist on Sporcle, you need to verify the email address you used during registration. Go to your Sporcle Settings to finish the process.

Report this User

Report this user for behavior that violates our Community Guidelines.

Details: